Iontově selektivní elektrody a jejich využití v potravinářské a zemědelské praxi
Enregistré dans:
| Auteur principal: | |
|---|---|
| Format: | Livre |
| Langue: | tchèque |
| Publié: |
Praha
Výzkumný ústav potr. prům.
1990
|
| Édition: | 1. vyd. |
| Tags: |
Pas de tags, Soyez le premier à ajouter un tag!
|
MARC
| LEADER | 00000nam a2200000 4500 | ||
|---|---|---|---|
| 001 | c034213 | ||
| 005 | 20221215120049.5 | ||
| 041 | 0 | |a cze | |
| 044 | |a CZ | ||
| 245 | 1 | 0 | |a Iontově selektivní elektrody a jejich využití v potravinářské a zemědelské praxi |c Miloslav Semler a kol. |
| 250 | |a 1. vyd. | ||
| 264 | 1 | |a Praha |b Výzkumný ústav potr. prům. |c 1990 | |
| 300 | |a 214 s. | ||
| 100 | 1 | |a Semler, Miloslav | |